Актуальные проблемы уголовно-исполнительного права и исполнения наказаний (Запись № 10864028)
[ простой вид ]
| 000 -МАРКЕР | |
|---|---|
| контрольное поле | 02427nam0a2200373 i 4500 |
| 001 - ИДЕНТИФИКАТОР ЗАПИСИ | |
| контрольное поле | RU\NLR\BIBL_A\011596436 |
| 005 - ИДЕНТИФИКАТОР ВЕРСИИ | |
| контрольное поле | 20260408063805.0 |
| 010 ## - МЕЖДУНАРОДНЫЙ СТАНДАРТНЫЙ НОМЕР КНИГИ (ISBN) | |
| Номер (ISBN) | 9785774307463 |
| Тираж | 500 |
| 021 ## - НОМЕР ГОСУДАРСТВЕННОЙ РЕГИСТРАЦИИ | |
| Код страны | Российская Федерация |
| Номер | 2017-98408 |
| Номер Листа государственной регистраци | 7087 |
| 035 ## - ДРУГИЕ СИСТЕМНЫЕ НОМЕРА | |
| Идентификатор записи | (RuMoRGB)009493175 |
| 035 ## - ДРУГИЕ СИСТЕМНЫЕ НОМЕРА | |
| Идентификатор записи | (NLR Aleph) 011596436 |
| 100 ## - ДАННЫЕ ОБЩЕЙ ОБРАБОТКИ | |
| Данные общей обработки | 20180117d2016 k y0rusy50 ca |
| 101 0# - ЯЗЫК РЕСУРСА | |
| Язык текста, звукозаписи и т.д. | русский |
| 102 ## - СТРАНА ПУБЛИКАЦИИ ИЛИ ПРОИЗВОДСТВА | |
| Страна публикации | Российская Федерация |
| 105 ## - ПОЛЕ КОДИРОВАННЫХ ДАННЫХ: ТЕКСТОВЫЕ МАТЕРИАЛЫ, МОНОГРАФИЧЕСКИЕ | |
| Кодированные данные о монографическом текстовом документе | y|||z|||100zy |
| 200 1# - ЗАГЛАВИЕ И СВЕДЕНИЯ ОБ ОТВЕТСТВЕННОСТИ | |
| Основное заглавие | Актуальные проблемы уголовно-исполнительного права и исполнения наказаний |
| Сведения, относящиеся к заглавию | материалы межвузовской научно-практической конференции, посвященной памяти профессоров Н.А. Стручкова и М.П. Мелентьева, 27 апреля 2016 г., [г. Рязань] |
| Первые сведения об ответственности | Федеральная служба исполнения наказаний, Академия права и управления |
| Последующие сведения об ответственности | [редакционная коллегия: С.Р. Тютиков, к.ю.н., доцент (отв. редактор) и др.] |
| 210 ## - ПУБЛИКАЦИЯ, РАСПРОСТРАНЕНИЕ И ДР. | |
| Место издания, распространения и т.д. | Рязань |
| Имя издателя, распространителя и т. д. | Академия права и управления Федеральной службы исполнения наказаний |
| Дата издания, распространения и т.д. | 2016 |
| 215 ## - ФИЗИЧЕСКАЯ ХАРАКТЕРИСТИКА | |
| Специфическое обозначение материала и объем | 391 с. |
| Размеры | 21 |
| 320 ## - ПРИМЕЧАНИЯ О НАЛИЧИИ В ДОКУМЕНТЕ БИБЛИОГРАФИИ / УКАЗАТЕЛЯ | |
| Текст примечания | Библиогр. в подстроч. примеч. |
| 606 1# - НАИМЕНОВАНИЕ ТЕМЫ КАК ПРЕДМЕТ | |
| Наименование темы | Уголовно-исполнительное право |
| Формальный подзаголовок | Съезды, совещания и т.п |
| Географический подзаголовок | Российская Федерация |
| Системный номер авторитетной/нормативной записи | 2078584 |
| Идентификатор авторитетной/нормативной записи | RU\NLR\AUTH\661254446 |
| 606 1# - НАИМЕНОВАНИЕ ТЕМЫ КАК ПРЕДМЕТ | |
| Наименование темы | Наказание в уголовном праве |
| Формальный подзаголовок | Съезды, совещания и т.п |
| Тематический подзаголовок | Исполнение |
| Географический подзаголовок | Российская Федерация |
| Системный номер авторитетной/нормативной записи | 2251926 |
| Идентификатор авторитетной/нормативной записи | RU\NLR\AUTH\661350697 |
| 686 ## - ИНДЕКСЫ ДРУГИХ КЛАССИФИКАЦИЙ | |
| Индекс | Х628.4я431(2) |
| Код системы | |
| 686 1# - ИНДЕКСЫ ДРУГИХ КЛАССИФИКАЦИЙ | |
| Индекс | Х628.4я431 |
| 686 1# - ИНДЕКСЫ ДРУГИХ КЛАССИФИКАЦИЙ | |
| Индекс | Х628.40-4я431 |
| 702 #1 - ИМЯ ЛИЦА - ВТОРИЧНАЯ ОТВЕТСТВЕННОСТЬ | |
| Начальный элемент ввода | Тютиков |
| Часть имени, кроме начального элемента ввода | С. Р. |
| Расширение инициалов личного имени | Сергей Рудольфович |
| Код отношения | Редактор |
| 702 #1 - ИМЯ ЛИЦА - ВТОРИЧНАЯ ОТВЕТСТВЕННОСТЬ | |
| Начальный элемент ввода | Стручков |
| Часть имени, кроме начального элемента ввода | Н. А. |
| Даты | 1922-1989 |
| Расширение инициалов личного имени | Николай Алексеевич |
| Код отношения | Прочие |
| 702 #1 - ИМЯ ЛИЦА - ВТОРИЧНАЯ ОТВЕТСТВЕННОСТЬ | |
| Начальный элемент ввода | Мелентьев |
| Часть имени, кроме начального элемента ввода | М. П. |
| Даты | 1931-2004 |
| Расширение инициалов личного имени | Михаил Петрович |
| Код отношения | Прочие |
| 712 02 - НАИМЕНОВАНИЕ ОРГАНИЗАЦИИ - ВТОРИЧНАЯ ОТВЕТСТВЕННОСТЬ | |
| Код отношения | Издающая организация |
| Начальный элемент ввода | Академия права и управления |
| Идентифицирующий признак | Рязань |
| Идентификатор авторитетной/нормативной записи | RU\NLR\AUTH\8810036619 |
| Системный номер авторитетной/нормативной записи | 571918 |
| 942 ## - ДОПОЛНИТЕЛЬНЫЕ ЭЛЕМЕНТЫ ЗАПИСИ (АБИС) | |
| Тип экземпляра АБИС | Книга |
| 980 ## - КОЛЛЕКЦИЯ | |
| Название коллекции | НБР |
Нет доступных экземпляров.